000 00411nam a22001337a 4500
999 _c16364
_d16364
008 170315b xxu||||| |||| 00| 0 eng d
020 _a0816312079
050 _aJNR PZ7
_b.T46 BK.3 C.1
100 _aThomas, Jerry D.
245 _aThe great stories for kids
_cby Jerry D. Thomas
260 _aCanada
_bpacific press
300 _a196 p.
942 _2lcc
_cCC
_hJNR PZ7 .T46 BK.3 C.1